000 00982nam a2200265Ia 4500
003 OSt
005 20221005111514.0
006 a|||||r|||| 00| 0
007 ta
008 221004b |||||||| |||| 00| 0 hin d
020 _a8126021349 (pbk)
_cIndian Rupees 150
024 _a41057
037 _bGift, 08/01/2019,
_cTextual
040 _aCRL
_cCRL
_bhin
041 _2hin
_ahin
082 _aY:1.245, 152P5
100 _aनेगी, टाशी छेरिंग, अनु.
_9170374
245 0 _aकिन्नरी सभ्यता और साहित्य
246 _aKinnarī sabhyatā aur sāhitya
260 _aनई दिल्ली
_bसाहित्य अकादेमी भारत
_c2005
300 _a208पृ0
_ccm.
650 _aसमाजशास्त्र
942 _hY:1.245, 152P5
_cTEXL
_2cc
999 _c1022042
_d1022042